Bibliografia VŠDS publikačná činnosť pracovníkov ...

Bibliographic Details
Format: Journal
Language:Slovak
PhysicalDescription:zv. 20-29 cm
Published: Žilina Ústredná knižnica a ŠIS VŠDS [1979-1991]
Subjects:

MARC

LEADER 00000cas a2200000 a 4500
001 vtls001269063
003 SK-MaSNL
005 20260228163920.0
008 961205d19791991xo ar p 0 0b0slo c
035 |a SNK000220091 
040 |a SNK  |b slo  |c SNK  |e AACR2 
041 0 |a slo 
044 |a xo  |c SK 
080 |a 378.665.6:016  |2 1. stred. slo 
080 |a 016  |2 1. stred. slo 
245 0 0 |a Bibliografia VŠDS  |b publikačná činnosť pracovníkov ... 
260 |a Žilina  |b Ústredná knižnica a ŠIS VŠDS  |c [1979-1991] 
300 |a zv.  |c 20-29 cm 
310 |a 1x ročne 
362 0 |a [1979]-[1991] 
500 |a Súčasťou názvu je rok 
500 |a V roku 1990 zmena formátu: 20 cm 
500 |a Popis podľa: R. 1979 (vydané v r. 1981) 
610 2 7 |a Vysoká škola dopravy a spojov v Žiline  |2 SNKKA 
655 7 |a neperiodické bibliografie  |2 SNKPH  |9 60408 
910 |a snk 
999 |c 11263  |d 13193 
952 |0 0  |1 0  |4 0  |7 0  |a SNK  |b SNK  |d 2016-11-10  |i snkKSP 1680/1983  |l 0  |o snkČSB 3246/1979  |p 17A0854851  |r 2026-02-21 20:13:32  |w 2026-02-21  |y PREZ 
952 |0 0  |1 0  |4 0  |7 0  |a SNK  |b SNK  |d 2016-11-10  |i snkKSP 1681/1983  |l 0  |o snkČSB 3246/1980  |p 17A0854749  |r 2026-02-21 20:13:32  |w 2026-02-21  |y PREZ 
952 |0 0  |1 0  |4 0  |7 0  |a SNK  |b SNK  |d 2016-11-10  |i snkKSP 8987/1983  |l 0  |o snkČSB 3246/1981  |p 17A0858321  |r 2026-02-21 20:13:32  |w 2026-02-21  |y PREZ 
952 |0 0  |1 0  |4 0  |7 0  |a SNK  |b SNK  |d 2016-11-10  |i snkKSP 57/1985  |l 0  |o snkČSB 3246/1982  |p 17A0858160  |r 2026-02-21 20:13:32  |w 2026-02-21  |y PREZ 
952 |0 0  |1 0  |4 0  |7 0  |a SNK  |b SNK  |d 2016-11-10  |i snkKSP 7431/1988  |l 0  |o snkČSB 3246/1985  |p 17A0858143  |r 2026-02-21 20:13:38  |w 2026-02-21  |y PREZ 
952 |0 0  |1 0  |4 0  |7 0  |a SNK  |b SNK  |d 2016-11-10  |i snkKSP 7430/1988  |l 0  |o snkČSB 3246/1986  |p 17A0858302  |r 2026-02-21 20:13:38  |w 2026-02-21  |y PREZ 
952 |0 0  |1 0  |4 0  |7 0  |a SNK  |b SNK  |d 2016-11-10  |l 0  |o snkČSB 3246/1990  |p 17A1203788  |r 2026-02-21 22:17:27  |w 2026-02-21  |y PREZ 
952 |0 0  |1 0  |4 0  |7 0  |a SNK  |b SNK  |d 2016-11-10  |i snkKSP 7736/1984  |l 0  |o snkČSB 3246/1981 D1  |p 17A1203787  |r 2026-02-21 22:17:27  |w 2026-02-21  |y PREZ 
952 |0 0  |1 0  |4 0  |7 0  |a SNK  |b SNK  |d 2016-11-10  |i snkKSP 58/1985  |l 0  |o snkČSB 3246/1982 D1  |p 17A1203786  |r 2026-02-21 22:17:27  |w 2026-02-21  |y PREZ